OPAC Home

මර්ුෂටි පර්හාර ශාස්ත්‍රය (Record no. 95941)

MARC details
000 -LEADER
fixed length control field 00554nam a2200205Ia 4500
003 - CONTROL NUMBER IDENTIFIER
control field LK-CoDNM
005 - DATE AND TIME OF LATEST TRANSACTION
control field 20240312113723.0
008 - FIXED-LENGTH DATA ELEMENTS--GENERAL INFORMATION
fixed length control field 010623t1931 xxu||||| |||| 00| 1 sin d
040 ## - CATALOGING SOURCE
Original cataloging agency LK-CoDNM
Modifying agency LK-CoDNM
Description conventions LK-CoDNM
041 ## - LANGUAGE CODE
Language code of text/sound track or separate title Sinhala; Sinhalese
080 ## - UNIVERSAL DECIMAL CLASSIFICATION NUMBER
Universal Decimal Classification number 104 CC7
942 ## - ADDED ENTRY ELEMENTS (KOHA)
Koha item type Books
100 ## - MAIN ENTRY--PERSONAL NAME
Personal name Gaye,J.H
700 ## - ADDED ENTRY--PERSONAL NAME
Personal name Perera,I.S.
245 ## - TITLE STATEMENT
Title මර්ුෂටි පර්හාර ශාස්ත්‍රය
246 ## - VARYING FORM OF TITLE
Title proper/short title A Hand book of Instruction Boxing
260 ## - PUBLICATION, DISTRIBUTION, ETC. (IMPRINT)
Name of publisher, distributor, etc. J.E.Roges
Place of publication, distribution, etc. Colombo
Date of publication, distribution, etc. 1931
300 ## - PHYSICAL DESCRIPTION
Other physical details Damaged
Extent 53p.,18 cm
650 ## - SUBJECT ADDED ENTRY--TOPICAL TERM
Topical term or geographic name as entry element Boxing

No items available.

Copyright © 2023 Department of National Museum, Colombo 07, Sri Lanka Funded by UNESCO IFAP UNESCO